The Sopranos - Phil's Compromise Speech - Statistics

General Stats
  • This quiz has been taken 70 times
  • The average score is 34 of 44
Answer Stats
Answer % Correct
I
98%
I
98%
I
98%
I
98%
I
98%
I
98%
compromise,
94%
in
92%
in
92%
You
92%
You
92%
a
91%
a
91%
want
91%
the
89%
the
89%
can
87%
to
87%
wanted
87%
wanted
87%
cheese
81%
grilled
81%
off
81%
off
81%
radiator
81%
years
81%
fuck
77%
tissue.
77%
Twenty
77%
woman,
75%
compromised.
74%
compromised.
74%
jacked
70%
ate
66%
but
66%
but
66%
instead.
55%
manicott'
55%
this?
45%
I'm
43%
see
43%
how's
42%
where
42%
goin'?
36%
No matching quizzes found
Score Distribution
Percent of People with Each Score
Percentile by Number Answered
Your Score History
You have not taken this quiz